Immigration Schweiz - Statistiken

Allgemein
  • Dieses Quiz wurde 177 mal gespielt
    168 seit der letzten Aktualisierung
  • Das Durchschnittsergebnis liegt bei 19 aus 25
Antwortstatistiken
Platz Land Anzahl % Korrekt
2. Deutschland 309.459
99%
1. Italien 325.348
97%
4. Frankreich 145.461
96%
6. Spanien 86.220
93%
10. Österreich 44.252
91%
23. Vereinigte Staaten 19.510
91%
3. Portugal 257.691
88%
9. Serbien 61.933
85%
22. China 19.886
84%
5. Kosovo 113.660
83%
13. Polen 36.158
83%
11. Vereinigtes Königreich 42.749
83%
7. Türkei 68.049
82%
16. Kroatien 27.928
77%
14. Bosnien und Herzegowina 28.756
73%
18. Syrien 23.457
71%
19. Rumänien 23.265
70%
21. Niederlande 21.443
69%
20. Brasilien 22.384
65%
17. Ungarn 25.220
65%
24. Afghanistan 18.833
61%
25. Slowakei 18.822
61%
8. Nordmazedonien 67.745
55%
12. Eritrea 40.969
41%
15. Sri Lanka 28.728
30%
Keine übereinstimmenden Quizze gefunden
Verteilung der Resultate
Anzahl Personen mit jedem Resultat
Perzentil nach korrekt beantworteten Fragen
Ihre Resultats-Entwicklung
Sie haben dieses Quiz seit der letzten Aktualisierung nicht gespielt